00322 a2200109 4500001001000000005001700010008004100027245003800068100002200106773006700128999001700195ART_1206820260410161903.0260409a 10aNormalization in point estimation1 aFisher, Walter D.0 tJournal of econometricsg- Vol. 4, NÂș 3 (ago. 1976)wREV11720 c26063d26063